000
00249nam a2200097Ia 4500
001
1250079
005
20251031150849.0
008
251031s9999 xx 000 0 und d
245
0
_c
KATHY WOLLARD
_a
X-7 PEKİ NASIL 2.KİTAP
260
_b
DİNOZOR ÇOCUK
999
_c
1250079
_d
1250079